Lingua
English
Deutsch
Español
Français
Italiano
日本語
Nederlands
Português
Português (Brasil)
中文(简体)
中文(繁體)
Türkçe
עברית
Gaeilge
Cymraeg
Ελληνικά
Català
Euskara
Русский
Čeština
Suomi
Svenska
polski
Dansk
slovenščina
اللغة العربية
বাংলা
Galego
Tiếng Việt
Hrvatski
हिंदी
Հայերէն
Українська
Tutti i Campi
Titolo
Autore
Soggetto
ISBN/ISSN
Tag
Identificatore
Cerca
Avanzata
T. 294, № 6; Comptes Rendus he...
Citazione
Invia SMS
Invia email
Stampa
Esporta il record
Esporta a RefWorks
Esporta a EndNoteWeb
Esporta a EndNote
PLink permanente
Esportazione completata correttamente —
T. 294, № 6; Comptes Rendus hebdomadaires des seances de L'Academie des Sciences. Series C
Dettagli Bibliografici
Parent link:
Comptes Rendus hebdomadaires des seances de L'Academie des Sciences. Series C: magazine/ Academie des Sciences. T. 294, № 6.— , 1970-1990
Lingua:
francese
Pubblicazione:
1982
Natura:
MixedMaterials
Libro
KOHA link:
https://koha.lib.tpu.ru/cgi-bin/koha/opac-detail.pl?biblionumber=545835
Posseduto
Descrizione
Documenti analoghi
MARC21
MARC
LEADER
00000nam2a2200000 4500
001
545835
005
20231101115748.0
035
|a
(RuTPU)RU\TPU\prd\237736
035
|a
RU\TPU\prd\237731
090
|a
545835
100
|a
20150528a19701990k y0frey50 ba
101
0
|a
fre
102
|a
FR
200
0
|a
T. 294, № 6
210
|d
1982
461
1
|0
(RuTPU)RU\TPU\prd\1044
|t
Comptes Rendus hebdomadaires des seances de L'Academie des Sciences. Series C
|o
magazine
|f
Academie des Sciences
|v
T. 294, № 6
|d
1970-1990
801
0
|a
RU
|b
63413507
|c
20010227
|g
PSBO
801
1
|a
RU
|b
63413507
|c
20080423
|g
PSBO
801
2
|a
RU
|b
63413507
|c
20150528
|g
PSBO
942
|c
BK
999
|a
НТБ_ТПУ
|b
НФ
|e
-15/20140209
|p
П-94c
|u
0
|v
1
Documenti analoghi
T. 294, № 4; Comptes Rendus hebdomadaires des seances de L'Academie des Sciences. Series C
Pubblicazione: (1982)
T. 294, № 5; Comptes Rendus hebdomadaires des seances de L'Academie des Sciences. Series C
Pubblicazione: (1982)
T. 294, № 9; Comptes Rendus hebdomadaires des seances de L'Academie des Sciences. Series C
Pubblicazione: (1982)
T. 294, № 1; Comptes Rendus hebdomadaires des seances de L'Academie des Sciences. Series C
Pubblicazione: (1982)
T. 294, № 2; Comptes Rendus hebdomadaires des seances de L'Academie des Sciences. Series C
Pubblicazione: (1982)